[Event "Arco op 46th"]
[Site "Arco"]
[Date "2024.10.10"]
[Round "6"]
[White "Magerl, Zan"]
[Black "Giannone, Edoardo"]
[Result "1-0"]
[WhiteElo "1682"]
[BlackElo "1599"]
[PlyCount "53"]
[EventDate "2024.10.05"]
[EventType "swiss"]
[EventRounds "9"]
[EventCountry "ITA"]
[SourceTitle "CB44_2024"]
[Source "Chessbase"]
[SourceDate "2024.10.30"]
[SourceVersion "1"]
[SourceVersionDate "2024.10.30"]
[SourceQuality "1"]

1. e4 c5 2. Nc3 Nc6 3. Bb5 Nf6 4. Bxc6 bxc6 5. d3 g6 6. f4 e6 7. Nf3 Bg7 8. 0-0 0-0 9. Rb1 d5 10. e5 Nd7 11. b3 Qa5 12. Na4 Qc7 13. Ba3 Qa5 14. Qe1 Qb5 15. d4 Ba6 16. Rf2 Rfd8 17. Nxc5 Bf8 18. Nxa6 Qxa6 19. Bxf8 Kxf8 20. a4 c5 21. h3 Kg7 22. Kh2 cxd4 23. Nxd4 Nc5 24. Nb5 Ne4 25. Rf3 Qb6 26. c4 dxc4 27. Qxe4 1-0

[Event "Arco op 46th"]
[Site "Arco"]
[Date "2024.10.09"]
[Round "5"]
[White "Giannone, Edoardo"]
[Black "Fincati, Roberto"]
[Result "1-0"]
[WhiteElo "1599"]
[BlackElo "1438"]
[PlyCount "79"]
[EventDate "2024.10.05"]
[EventType "swiss"]
[EventRounds "9"]
[EventCountry "ITA"]
[SourceTitle "CB44_2024"]
[Source "Chessbase"]
[SourceDate "2024.10.30"]
[SourceVersion "1"]
[SourceVersionDate "2024.10.30"]
[SourceQuality "1"]

1. e4 Nc6 2. d4 e5 3. d5 Nce7 4. f4 d6 5. Nf3 Ng6 6. f5 Nh4 7. Be3 Nxf3+ 8. Qxf3 h6 9. Bb5+ Bd7 10. Bxd7+ Qxd7 11. Nc3 b6 12. 0-0 Nf6 13. a4 a6 14. Kh1 h5 15. Bg5 Be7 16. Bxf6 Bxf6 17. a5 b5 18. Na2 h4 19. Nb4 Bg5 20. Nc6 Bf4 21. b3 f6 22. c4 g5 23. cxb5 g4 24. Qxg4 Qf7 25. Qg6 Rg8 26. Qxf7+ Kxf7 27. b6 cxb6 28. axb6 h3 29. g3 Bxg3 30. hxg3 Rxg3 31. b7 Rag8 32. b8Q Kg7 33. Qxg8+ Kxg8 34. Rg1 Rg2 35. Rxg2+ hxg2+ 36. Kxg2 Kg7 37. Rxa6 Kh6 38. b4 Kg5 39. b5 Kf4 40. Ra4 1-0

[Event "Arco op 46th"]
[Site "Arco"]
[Date "2024.10.07"]
[Round "3"]
[White "Giannone, Edoardo"]
[Black "Kosem, Rok"]
[Result "0-1"]
[WhiteElo "1599"]
[BlackElo "1767"]
[PlyCount "158"]
[EventDate "2024.10.05"]
[EventType "swiss"]
[EventRounds "9"]
[EventCountry "ITA"]
[SourceTitle "CB44_2024"]
[Source "Chessbase"]
[SourceDate "2024.10.30"]
[SourceVersion "1"]
[SourceVersionDate "2024.10.30"]
[SourceQuality "1"]

1. e4 c5 2. Nf3 Nc6 3. d4 cxd4 4. Nxd4 e5 5. Nb5 d6 6. N1c3 a6 7. Na3 Nf6 8. Nc4 b5 9. Ne3 Be6 10. Ned5 h6 11. a4 b4 12. Nxf6+ Qxf6 13. Nd5 Qd8 14. Be3 Bxd5 15. Qxd5 Qc8 16. Bc4 Nd8 17. 0-0 Ne6 18. f4 exf4 19. Bxf4 Qc5+ 20. Qxc5 dxc5 21. Bg3 Be7 22. Rad1 0-0 23. Rd7 Bf6 24. Bd6 Rfd8 25. Rxd8+ Rxd8 26. e5 Bg5 27. Bxa6 Be3+ 28. Kh1 Bd4 29. b3 Ng5 30. Bb7 f6 31. a5 fxe5 32. a6 Rxd6 33. a7 Rd8 34. a8Q Rxa8 35. Bxa8 e4 36. h4 Nh7 37. Bxe4 Nf6 38. Bf5 Kf7 39. g4 Nd5 40. Be4+ Ke6 41. Bxd5+ Kxd5 42. Re1 Bc3 43. Re2 Kd4 44. Kg2 Bb2 45. Kf3 Kc3 46. Ke4 c4 47. Re3+ Kxc2 48. bxc4 b3 49. c5 Ba3 50. Kd5 Bc1 51. c6 b2 52. Re2+ Bd2 53. c7 b1Q 54. c8Q+ Kd1 55. Re4 Qd3+ 56. Rd4 Qf3+ 57. Re4 Qd3+ 58. Ke5 Bc3+ 59. Kf5 Qd5+ 60. Kf4 Bd2+ 61. Re3 g5+ 62. hxg5 hxg5+ 63. Kg3 Bxe3 64. Qa6 Bf4+ 65. Kf2 Qd2+ 66. Kf3 Qe3+ 67. Kg2 Qe2+ 68. Qxe2+ Kxe2 69. Kh3 Be3 70. Kg3 Bf2+ 71. Kg2 Bh4 72. Kh2 Kf2 73. Kh3 Kf3 74. Kh2 Kxg4 75. Kg2 Bg3 76. Kg1 Kf3 77. Kh1 g4 78. Kg1 Bf2+ 79. Kh1 Be3 0-1

[Event "Arco op 46th"]
[Site "Arco"]
[Date "2024.10.05"]
[Round "1"]
[White "Giannone, Edoardo"]
[Black "Von Wantoch Rekowski, Markus"]
[Result "0-1"]
[WhiteElo "1599"]
[BlackElo "1930"]
[PlyCount "23"]
[EventDate "2024.10.05"]
[EventType "swiss"]
[EventRounds "9"]
[EventCountry "ITA"]
[SourceTitle "CB44_2024"]
[Source "Chessbase"]
[SourceDate "2024.10.30"]
[SourceVersion "1"]
[SourceVersionDate "2024.10.30"]
[SourceQuality "1"]

1. e4 d5 2. exd5 Qxd5 3. Nc3 Qd6 4. Nf3 Nf6 5. d4 c6 6. Bc4 Bg4 7. d5 b5 8. Bb3 b4 9. dxc6 bxc3 10. Qxd6 exd6 11. c7 Na6 12. Ba4+ 0-1